Bielorusi potrebujú národ

Problematika národnej identity Bielorusov. Oficiálna ideológia propagovaná vládou - nástroj budovania štátu a nie národa. Potreba univerzálne akceptovateľného, pravdivého a uspokojujúceho národného sebavedomia a spoločnej vízie pre ciele a potreby rozvoja.

Gespeichert in:
Bibliographische Detailangaben
1. Verfasser: Leščenko, Natália
Format: Buchkapitel
Sprache:Slowakisch
Schlagworte:
Tags: Tag hinzufügen
Keine Tags, Fügen Sie das erste Tag hinzu!

MARC

LEADER 00000naa a2200000 4500
001 0126615
005 20231018094149.3
041 0 |a slo 
044 |a SK 
245 1 0 |a Bielorusi potrebujú národ  |c Natália Leščenko 
520 |a Problematika národnej identity Bielorusov. Oficiálna ideológia propagovaná vládou - nástroj budovania štátu a nie národa. Potreba univerzálne akceptovateľného, pravdivého a uspokojujúceho národného sebavedomia a spoločnej vízie pre ciele a potreby rozvoja. 
610 2 0 |a národ 
610 2 0 |a identita 
610 2 0 |a obyvateľstvo 
610 2 0 |a štát 
610 2 0 |a suverenita 
610 2 0 |a politika 
610 2 0 |a Bielorusko 
100 1 |a Leščenko, Natália